France Squad FIFA World Cup 2018 Football / Soccer - Statistics

General Stats
  • This quiz has been taken 535 times
  • The average score is 19 of 24
Answer Stats
No. Pos. Answer Club % Correct
1 GK Hugo Lloris Tottenham Hotspur
98%
10 FW Kylian Mbappé Paris Saint-Germain
98%
7 FW Antoine Griezmann Atletico Madrid
95%
6 MF Paul Pogba Manchester United
93%
13 MF N´Golo Kanté Chelsea London
91%
11 FW Ousmane Dembélé FC Barcelona
89%
2 DF Benjamin Pavard VfB Stuttgart
87%
9 FW Olivier Giroud Chelsea London
87%
4 DF Raphael Varane Real Madrid
87%
21 DF Lucas Hernández Atletico Madrid
85%
3 DF Presnel Kimpembe Paris Saint-Germain
84%
5 DF Samuel Umtiti FC Barcelona
84%
23 GK Alphonse Aréola Paris Saint-Germain
83%
16 GK Steve Mandanda Olympique Marseille
82%
22 DF Benjamin Mendy Manchester City
78%
- Coach Didier Deschamps ---
77%
14 MF Blaise Matuidi Juventus Turin
75%
8 FW Thomas Lemar Atletico Madrid
66%
12 MF Corentin Tolisso Bayern München
65%
17 DF Adil Rami Olympique Marseille
60%
20 FW Florian Thauvin Olympique Marseille
59%
15 MF Steven N´Zonzi Sevilla FC
57%
18 MF Nabil Fekir Olympique Lyon
54%
19 DF Djibril Sidibé AS Monaco
53%
No matching quizzes found
Score Distribution
Percent of People with Each Score
Percentile by Number Answered
Your Score History
You have not taken this quiz